000 00915nam a2200229 a 4500
003 AM-YeHGA
005 20250618080213.0
008 250409s1905 gs ||||||||||||||0|arm|d
040 _aAM-YeHGA
041 0 _aarm
100 1 _aՓափազյան, Վրթանես Մեսրոպի,
_d1866-1920
_91606
245 1 0 _aԱզէրֆէզա :
_b(Վէպ պարսկական կեանքից) /
_cՎ. Փափազեան.
260 _aԹիֆլիս :
_bտպ. Ա. Քութաթելաձէի,
_c1905.
300 _aԵրկու գիրք մեկ կազմի մեջ (135 էջ)
501 _aԿազմակից է՝ Ալէմգիր (Վէպ պարսկական կեանքից) /Փափազյան, Վ. Մ.; - Թիֆլիս, 1904
650 1 4 _aՀայ գրականություն
_xՎեպ
700 1 _aՓափազյան, Վրթանես Մեսրոպի,
_d1864-1920
740 1 _aԱլէմգիր
942 _2udc
_cBK
001 2014413
090 _c573709
999 _c534237
_d534237